All towns in Bergen County - Statistics

General Stats
  • This quiz has been taken 34 times
  • The average score is 38 of 70
Answer Stats
Answer % Correct
Hackensack
85%
Paramus
85%
Ramsey
80%
Ridgewood
80%
Emerson
75%
Montvale
75%
Washington Township
75%
Allendale
65%
Alpine
65%
Fair Lawn
65%
Mahwah
65%
River Edge
65%
Westwood
65%
Bergenfield
60%
Rutherford
60%
Dumont
60%
Englewood
60%
Fort Lee
60%
Franklin Lakes
60%
Garfield
60%
Lodi
60%
Maywood
60%
Park Ridge
60%
Ridgefield
60%
River Vale
60%
Wyckoff
60%
Closter
55%
Cresskill
55%
Fairview
55%
Glen Rock
55%
Hillsdale
55%
Ho Ho Kus
55%
Lyndhurst
55%
Norwood
55%
Old Tappan
55%
Oradell
55%
Ridgefield Park
55%
Saddle Brook
55%
Saddle River
55%
Teaneck
55%
Tenafly
55%
Bogota
50%
Demarest
50%
East Rutherford
50%
Englewood Cliffs
50%
Leonia
50%
Midland Park
50%
North Arlington
50%
Northvale
50%
Upper Saddle River
50%
Wallington
50%
Woodcliff Lake
50%
Cliffside Park
45%
Edgewater
45%
Harrington Park
45%
Little Ferry
45%
Oakland
45%
Palisades Park
45%
South Hackensack
45%
Wood-Ridge
45%
Elmwood Park
40%
Hasbrouck Heights
40%
New Milford
40%
Rochelle Park
40%
Teterboro
40%
Waldwick
40%
Haworth
35%
Rockleigh
35%
Carlstadt
30%
Moonachie
30%
No matching quizzes found
Score Distribution
Percent of People with Each Score
Percentile by Number Answered
Your Score History
You have not taken this quiz